| 000 | 01342nam0a22003491 4500 | ||
|---|---|---|---|
| 001 | RU\INFOCOMM_322\NLR\5000214241 | ||
| 005 | 20250613111855.0 | ||
| 035 | _a(NLR Aleph) 009598275 | ||
| 090 |
_a9294241 _c9294241 |
||
| 100 | _a20130306d1972 |||y0rusy50 ca | ||
| 101 | 0 | _aeng | |
| 102 | _aRU | ||
| 105 | _ay z ||||| | ||
| 200 | 1 |
_aModel versus field data on thermal plumes from power stations _fBy L. C. Neale and G. E. Hecker (U.S.A.) |
|
| 210 |
_aNovosibirsk _d1972 |
||
| 215 |
_a[3], 15 Ñ. _cил. _d20 Ñм |
||
| 225 | 1 |
_aPaper _fIntern. symposium on stratified flows _v18 |
|
| 300 | _aРез. на ÑÑ. Ñз. | ||
| 300 | _aÐадзаг. Ñакже на ÑÑÑ. Ñз.: ÐеждÑнаÑ. ÑимпозиÑм по ÑÑÑаÑиÑиÑиÑованнÑм ÑеÑениÑм | ||
| 320 | _aÐиблиогÑ.: Ñ. 7 | ||
| 606 | 0 |
_aÐлекÑÑиÑеÑкие ÑÑанÑии _xÐодоÑнабжение _xÐоделиÑование _2nlr_sh1 |
|
| 620 | _aÐовоÑибиÑÑк | ||
| 686 |
_aТ6-452 _2rubbk |
||
| 686 |
_aÐ370.72-01Ñ314.3 _2rubbk |
||
| 700 | 1 |
_aNeale _bL. C. _f1918- _gLawrence C. |
|
| 701 | 1 |
_aHecker _bG. E. |
|
| 712 | 1 | 2 |
_aInternational symposium on stratified flows _eNovosibirsk _f1972 _4570 |
| 801 | 1 |
_aRU _bInfocomm _c20130306 |
|
| 801 | 0 |
_aRU _bINFOCOMM _gPSBO |
|
| 852 |
_aNLR _jТ15 Ð-4/94 |
||
| 942 | _cBOOK | ||
| 980 | _aNB | ||